Sports General Knowledge #9 by Meast - Statistics

General Stats
  • This quiz has been taken 51 times
    47 since last reset
  • The average score is 9 of 20
Answer Stats
Hint Answer % Correct
What is another name for a football, referencing a barn animal? Pigskin
83%
What is the term given to bowling three strikes in a row? Turkey
83%
What is the maximum number of clubs allowed in a professional golf bag? 14
75%
What professional athlete was the only athlete to be an all star in two professional sports? Bo Jackson
75%
At which tennis event would you find a digital rolex clock? Wimbledon
75%
What city hosts the Australian Open? Melbourne
70%
Which country has won the most ICC Cricket World Cup titles? Australia
68%
Which player scored the infamous "hand of god" goal? Maradona
68%
What is the national sport of Canada that is not ice hockey? Lacrosse
63%
What was Usain Bolts record time in the 100m sprint? (Hint: 2 Decimal Points) 9.58
53%
Who is the only player to play in a super bowl and world series? Deion Sanders
50%
In 2012, what knuckleball throwing pitcher won the Cy Young Award? RA Dickey
45%
Which marathon had the most finishers in 2025? New York
43%
Who is the shortest player to win the slam dunk contest? Spud Webb
38%
What is the name of the NHL MVP award? Hart Memorial
13%
Who broke her own world record at the 100m hurdles at the 2024 Olympics? Sydney McLaughlin
8%
What is a full point called in a Judo match? Ippon
5%
What were the New York Jets originally called? Titans
5%
What is the largest sporting event in the world by attendance? Tour de France
3%
Which female golfer has the most major championships? Patty Berg
0%
No matching quizzes found
Score Distribution
Percent of People with Each Score
Percentile by Number Answered
Your Score History
You have not taken this quiz since the last reset